| 000 | 00752nab a2200253 a 4500 | ||
|---|---|---|---|
| 005 | 20210219161940.0 | ||
| 008 | 991125s1985 mx 000 0 spa u | ||
| 035 | _aUPN01000194728 | ||
| 100 | 1 | _aDel Real Alvarez, Hermógenes | |
| 222 | _aREVISTA DE ESTUDIOS DE JUVENTUD | ||
| 245 | _aFomento del emprendimiento en la juventud : incubadoras, viveros de empresa y parques científicos | ||
| 260 | _aEspaña | ||
| 300 | _a89-107 | ||
| 362 | 0 | _a2012 No. 99, dic. | |
| 653 | 0 | _aJOVENES EMPRENDEDORES | |
| 653 | 0 | _aEMPRENDIMIENTO | |
| 653 | 0 | _aSOCIEDAD DEL CONOCIMIENTO | |
| 653 | 0 | _aINNOVACION | |
| 700 | 1 | _aBueno Campos, Eduardo, | |
| 700 | 1 | _ecoaut. | |
| 700 | 1 | _aFernández Horrillo, Pablo, | |
| 700 | 1 | _ecoaut. | |
| 905 | _aArticulo | ||
| 999 |
_c166829 _d166829 |
||